Journal : 1933-1955 /

Salvato in:
Dettagli Bibliografici
Autore principale: Claudel, Paul (autor)
Altri autori: Varillon, François (edición y notas) (edición y notas), Petit, Jacques (edición y notas) (edición y notas)
Natura: Libro
Lingua:francese
Pubblicazione: París, Francia : Gallimard, 1969, c1969
Serie:(Bibliothèque de la Pléiade)
Soggetti:
Tags: Aggiungi Tag
Nessun Tag, puoi essere il primo ad aggiungerne!!

MARC

LEADER 00000nam^a2200000^a^4500
001 000319923
005 20250521000000.0
009 20260526140231.402
037 |a Acervo Xavier Clavigero 
041 |a FRA 
082 |a 840. 92  |b CLA V. 2 
100 |a Claudel, Paul  |e (autor) 
240 1 1 |a [Diario, de Paul Claudel] 
240 1 1 |a [Journal, de Paul Claudel] 
245 1 0 |a Journal :  |b 1933-1955 /  |c P. Claudel ; ed. y notas de F. Varillon, J. Petit. 
264 4 |a París, Francia :  |b Gallimard,  |c 1969, c1969 
300 |a XIX, 1360 p. 
336 |a texto  |b txt  |2 rdacontenido 
337 |a sin mediación  |b n  |2 rdamedio 
338 |a volumen  |b nc  |2 rdasoporte 
440 1 |a (Bibliothèque de la Pléiade) 
545 0 |a Paul Claudel (Villeneuve-sur-Fère, 1868 - París, 1955), escritor central en el catolicismo francés del siglo XX y uno de los mayores poetas de su tiempo. Aunque escéptico ante la religión durante su juventud, el autor vivió una crisis espiritual que en 1886 lo llevaría de regreso a ella y que marcaría su obra literaria. Fue en ese mismo año que Claudel conoció Las iluminaciones, de Arthur Rimbaud, cuya lectura le abrió nuevos horizontes para la creación. Es un descubrimiento estético que en diálogo con su conversión, le hace ver la poesía (dramatúrgica y lírica) como espacio para la revelación divina; así y aunque suene paradójico, en su obra convive la modernidad literaria con la ortodoxia religiosa. A partir de 1890 ejerció la diplomacia, como cónsul y embajador en diversos países. Entre sus títulos destacan Cabeza de oro (1891), El cambio (1894), El reposo del séptimo día (1896), Reparto de mediodía (1906), Arte poética (1907), Cinco grandes odas (1909), La anunciación a María (1912), Cantata a tres voces (1913), Poemas de guerra (1922), Hojas de santos (1925), La zapatilla de raso (1929), Rostros radiantes (1945) y los textos autobiográficos Mémoires improvisées (1954) y Journal I y II (1968-1969). 
649 |a XX 
650 |a Escritores Franceses -  |x Memorias 
650 |a Diarios Literarios Franceses 
650 |a Literatura Francesa -  |y Siglo XX 
650 |a Literatura Autobiográfica -  |z Francia 
650 |a Francia -  |x Historia -  |y Tercera República, 1870-1940 
650 |a Francia -  |x Historia -  |y Cuarta República, 1946-1958 
650 |a Claudel, Paul -  |x Tema Principal 
700 |a Varillon, François  |e (edición y notas) 
700 |a Petit, Jacques  |e (edición y notas) 
910 |a Fondo General 
920 |a Impresos - Libros 
930 |a Colección General 
940 |a Literatura 
905 |a 101 
901 |a 057046  |b IT1  |c LIT  |u 20250521 
902 |a https://opac.biblio.iteso.mx/vufind/Record/000319923